000 00453nam a2200181Ia 4500
001 21135
005 20260306172857.0
008 260306t2018||||xx |||||||||||||| ||spa||
041 _aESP
082 _a344
_bW48
100 _aWessels, Johannes
_eAUT
245 0 _aDerecho penal. Parte general:
_bel delito y su estructura
260 _c2018
300 _aIi, 570 páginas :
_c25 cm.
650 _aGEN
654 _aCDE
942 _cLIB
_dJUS
_fJUS
_2ddc
_n
999 _c21135
_d21135